Nina Cried Power - Hozier (All Lyrics) - Statistics

General Stats
  • This quiz has been taken 9 times
  • The average score is 226 of 294
Answer Stats
Lyrics % Correct
could
100%
cried
100%
cry
100%
I
100%
is
100%
Nina
100%
power
100%
(Power),
100%
(Power)
100%
Power,
100%
power,
100%
Power
100%
the
100%
a
88%
and
88%
And
88%
It
88%
it
88%
It's
88%
it's
88%
not
88%
rising
88%
waking,
88%
be
75%
fire
75%
me
75%
we
75%
been
63%
Billie
63%
Billie,
63%
By
63%
by
63%
has
63%
human
63%
if
63%
light,
63%
light
63%
love
63%
obstacle
63%
of
63%
Oh,
63%
ringing
63%
singing
63%
song,
63%
spirit
63%
stronger
63%
than
63%
that
63%
those
63%
to
63%
uncompromising
63%
you
63%
being
50%
Brown
50%
but
50%
casts
50%
chains
50%
eyes
50%
face
50%
foot
50%
forgoing
50%
free
50%
grounding
50%
ignites
50%
James
50%
lie
50%
Mavis
50%
my
50%
opening
50%
Rattle
50%
shade,
50%
should
50%
Straight
50%
tells
50%
your
50%
bearing
38%
bringing
38%
drives
38%
heat
38%
into
38%
Lennon
38%
line
38%
rhyme
38%
when
38%
ah,
25%
assignment
25%
behind
25%
'Cause
25%
Curtis
25%
denied
25%
divide
25%
everything
25%
fear
25%
hearing
25%
keeping
25%
Lord
25%
Lord,
25%
Marvin
25%
past
25%
reaches
25%
what's
25%
Woody,
25%
Yeah,
25%
Dylan,
13%
fellow
13%
his
13%
Joni
13%
man,
13%
mere
13%
Patti
13%
Seeger
13%
wall,
13%
Hey,
0%
we've
0%
No matching quizzes found
Score Distribution
Percent of People with Each Score
Percentile by Number Answered
Your Score History
You have not taken this quiz